Thiazole and sulfenamide accelerated sulfur vulcanization (Record no. 71307)

MARC details
000 -LEADER
fixed length control field 00301nam a2200109Ia 4500
100 ## - MAIN ENTRY--AUTHOR NAME
Personal name Bhatnagar S K
245 #0 - TITLE STATEMENT
Title Thiazole and sulfenamide accelerated sulfur vulcanization
260 ## - PUBLICATION, DISTRIBUTION, ETC. (IMPRINT)
Name of publisher The Rubber International
Year of publication 2009
300 ## - PHYSICAL DESCRIPTION
Number of Pages 17-21
942 ## - ADDED ENTRY ELEMENTS (KOHA)
Koha item type Journals
Holdings
Withdrawn status Lost status Damaged status Not for loan Home library Current library Shelving location Date acquired Serial Enumeration / chronology Koha item type
      Journals RRII Library RRII Library Rubber alert 15/07/2009 Volume 11, Issue 6 Journals